000 00344nam a22001577a 4500
003 OSt
008 240102b |||||||| |||| 00| 0 eng d
020 _a9789390727063
082 _a658.083 VOB
100 _aVOHRA,ND
245 _aBusiness Statistics
250 _a2nd
260 _aNew Delhi
_bMGH
_c2022
300 _a755
942 _2ddc
_cBK
999 _c12152
_d12152